| 000 | 00424nam a2200181Ia 4500 | ||
|---|---|---|---|
| 005 | 20250423101416.0 | ||
| 008 | 250422s9999 xx 000 0 und d | ||
| 020 | _a0-321-44561-9 | ||
| 050 | _aQA 76.64 .F47/ | ||
| 100 | _aObie Fernandez | ||
| 245 | 4 | _aThe Rails Way | |
| 260 | _aBoston | ||
| 260 | _bAddison-Wesley Publishing Company | ||
| 260 | _c2008 | ||
| 300 | _a851 p | ||
| 650 | _aRuby On Rails | ||
| 942 | _cBK | ||
| 999 |
_c36224 _d36224 |
||